00641nam a2200157 i 450000100060000000300090000600500170001500700030003200800410003524501710007626000590024730000210030685200200032799900170034795201190036447298ES-MaACL20230906161533.0t|030407s1931 sp ||||1| spa d03aLa coordinación del transporte mecánico por carretera con el ferrocarilb: comentario al proyecto de ley sobre el servicio público de transportes por carretera. aMadrid : b[s.n., c1931] (fGráfica Administrativa) a93 p. ; c26 cm. aES-MaACLjA-698 c47298d47298 00104070aATENEOMbATENEOMcSPP1d2008-01-17eSCl0oA-698p1049744r2023-02-23 00:00:00w2023-02-23yMONOGRAFIA